Total Drama Island Character Quiz - Statistics

General Stats
  • This quiz has been taken 467 times
  • The average score is 20 of 22
Answer Stats
Contestant Placement % Correct
Gwen 2nd / 1st Place
97%
Owen 2nd / 1st Place
97%
Duncan 4th Place
95%
Heather 3rd Place
95%
Ezekiel 22nd Place
94%
Courtney 14th Place
93%
Lindsay 9th Place
91%
Harold 13th Place
90%
Beth 16th Place
89%
Eva 12th Place
89%
Leshawna 5th Place
89%
Noah 21st Place
89%
Tyler 18th Place
89%
Izzy 7th Place
88%
DJ 8th Place
87%
Geoff 6th Place
87%
Katie 19th Place
87%
Sadie 15th Place
87%
Trent 11th Place
87%
Bridgette 10th Place
85%
Cody 17th Place
85%
Justin 20th Place
83%
No matching quizzes found
Score Distribution
Percent of People with Each Score
Percentile by Number Answered
Your Score History
You have not taken this quiz